| 000 | 00601nam a2200253Ia 4500 | ||
|---|---|---|---|
| 008 | 160803s9999 xx 000 0 und d | ||
| 020 | _a0 590132075 | ||
| 100 | _aWalsh, Ellen Stoll | ||
| 245 | _aMouse paint / | ||
| 245 | _cEllen Stoll Walsh. | ||
| 260 | _aNew York : | ||
| 260 | _bScholastic Inc. | ||
| 260 | _c1989 | ||
| 300 | _aunnumbered pages : | ||
| 300 | _bcolor illustrations ; | ||
| 300 | _c19 x 22 cm. | ||
| 650 | _aBoard books. | ||
| 650 | _aBoard books. | ||
| 650 | _aColor -- | ||
| 650 | _aMice -- | ||
| 650 | _xFiction. | ||
| 650 | _xFiction. | ||
| 700 | _a250 | ||
| 999 |
_c298886 _d298886 |
||